000 00362nam a2200169Ia 4500
003 0100
008 130303s9999 xx 000 0 und d
040 _cARRUPELIB
050 _aPZ3.O65SC351968
100 _aOrczy, Baroness
245 4 _aThe Scarlet Pimpernel
260 _aNY
260 _bPyramid books
260 _C1968
300 _a223p
942 0 0 _01
999 _c36241
_d36241